Solving N + m nonlinear equations with only m nonlinear variables.

Odvodenie metódy pre riešenie N + m nelineárnych rovníc s N + m neznámymi. Na základe využitia vlastností ortonormálnej bázy možno úlohu redukovať na úlohu s iba m nelineárnymi premennými.

Enregistré dans:
Détails bibliographiques
Auteur principal: Ypma, T.J
Autres auteurs: Shen, Y.Q
Format: Chapitre de livre
Langue:anglais
Sujets:
Tags: Ajouter un tag
Pas de tags, Soyez le premier à ajouter un tag!

MARC

LEADER 00000naa a2200000 4500
001 r006197
005 20220818104609.7
041 0 |a eng 
044 |a AT 
245 1 0 |a Solving N + m nonlinear equations with only m nonlinear variables.  |c T.J. Ypma, Y.Q. Shen 
520 |a Odvodenie metódy pre riešenie N + m nelineárnych rovníc s N + m neznámymi. Na základe využitia vlastností ortonormálnej bázy možno úlohu redukovať na úlohu s iba m nelineárnymi premennými. 
610 2 0 |a metódy matematické 
610 2 0 |a matice 
100 1 |a Ypma, T.J. 
700 1 |a Shen, Y.Q.